01073nac a22002771i 4500003000900000005001700009008004100026040004300067082001700110100002800127245015200155250001900307264005300326300004700379336002600426337002800452338002700480490002800507500002000535521003700555650002000592655001700612942001200629999001500641952013900656EG-ScBUE20250317103924.0250306s2004 ii a f 001 0 eng d aEG-ScBUEbengerdacEG-ScBUEdEG-ScBUE04a530bDOG2221 aDogra, Rakesh,eauthor.10aEssentials of physics for engineers and technologists /cby Dr. Rakesh Dorga, assistant professor, Beant College of Engg. & Tech., Gurdaspur (Pb.). aSixth edition. 1aNai Sarak, Delhi : bS.K. Kataria & Sons,c2004. axiii, 428 pages :billustrations ;c24 cm. 2rdacontentatextbtxt aunmediated2rdamediabn avolumebnc2rdacarrier0 aAs per new PTU syllabus aIncludes index. aFor engineers and technologists. 7aPhysics.2BUEsh vReading book cBB2ddc c1405d1405 00102ddc40708BaccahaMAINbMAINc1STd2007-09-06ePurchasel1o530 DOGp000003042r2025-07-15 00:00:00s2008-08-17w2006-09-07yBB